000 00880cam a2200337 i 4500
001 0000532
003 DO-SdBNP
005 20231004113145.0
007 0000532
008 100514s 1974 sp 000 f spa
015 _a
017 _a
_b
020 _a8432013846
035 _a
040 _aBPMSU
_bspa
_cBPMSU
_e
080 _a
082 4 _a813.5
_bY47h 1974
_222
100 1 _aYerby, Frank
245 1 3 _aEl halcón de oro /
_cFrank Yerby ; traducción Enrique de Juan
_h
250 _a4a. ed.
260 _aBarcelona :
_bPlaneta,
_c1974.
300 _a388 p.:
_c19 m
490 0 _aInfinito
534 _aTìtulo original :
_tThe golden hawk
590 _aInventariado, 2023/VM
650 4 _aNovela estadounidense
650 4 _aPiratas
_vNovela
700 1 _aJuan, Enrique de
_etr.
910 _aVMateo V. Control de calidad. 2023/VM
942 _2ddc
_cBK
999 _c10856
_d10856